Southville International School and Colleges
Your cart is empty.
  • Cart
  • Lists
    Public lists Eva Luna New books Lux_list list_1
    Your lists Log in to create your own lists
  • Log in to your account
  • Your cookies
  • Search history
Southville International School and Colleges
  • Advanced search
  • Recent comments
  • Most popular
  • Libraries

Log in to your account

Log in with GOOGLE


If you do not have an external account, but do have a local account, you can still log in:

  1. Home
  2. MARC view: Three little kittens (The) /
Normal view MARC view ISBD view

Three little kittens (The) / (Record no. 113693)

[ view plain ]
MARC details
000 -LEADER
fixed length control field 00509nam a2200181 a 4500
001 - CONTROL NUMBER
control field 0580
005 - DATE AND TIME OF LATEST TRANSACTION
control field 20140414132035.0
008 - FIXED-LENGTH DATA ELEMENTS--GENERAL INFORMATION
fixed length control field 040201s19uu xx 00 eng d
020 ## - INTERNATIONAL STANDARD BOOK NUMBER
International Standard Book Number 0-86788-770-2
050 ## - LIBRARY OF CONGRESS CALL NUMBER
Classification number TR
Item number T41 1994
100 ## - MAIN ENTRY--PERSONAL NAME
Personal name Moroney, Tracey
245 ## - TITLE STATEMENT
Title Three little kittens (The) /
Statement of responsibility, etc Ilustrated by Tracey Moroney.
260 ## - PUBLICATION, DISTRIBUTION, ETC. (IMPRINT)
Place of publication, distribution, etc China :
Name of publisher, distributor, etc The five mile press,
Date of publication, distribution, etc 1994.
300 ## - PHYSICAL DESCRIPTION
Extent 1 v. (unp.) : ill. ; cm.
650 ## - SUBJECT ADDED ENTRY--TOPICAL TERM
Topical term or geographic name as entry element Kittens
General subdivision fiction.
650 ## - SUBJECT ADDED ENTRY--TOPICAL TERM
Topical term or geographic name as entry element Children stories.
Holdings
Withdrawn status Lost status Damaged status Use restrictions Home library Current library Shelving location Date acquired Source of acquisition Total Checkouts Full call number Barcode Date last seen Price effective from Koha item type
        Munich Library Munich Library Teachers Reference Section 02/01/2004     TR T41 1994 M5311 04/14/2014 04/14/2014 Books

Three little kittens (The) /

APA

Moroney T., . (1994). Three little kittens (The). China: The five mile press.

Chicago

Moroney Tracey, . 1994. Three little kittens (The). China: The five mile press.

Harvard

Moroney T., . (1994). Three little kittens (The). China: The five mile press.

MLA

Moroney Tracey, . Three little kittens (The). China: The five mile press. 1994.

  • Place hold
  • Print
  • Cite
  • Add to your cart (remove)
  • Save record
    BIBTEX Dublin Core MARCXML MARC (non-Unicode/MARC-8) MARC (Unicode/UTF-8) MARC (Unicode/UTF-8, Standard) MODS (XML) RIS
  • More searches
    Search for this title in:
    Other Libraries (WorldCat) Other Databases (Google Scholar) Online Stores (Bookfinder.com) Open Library (openlibrary.org)

Exporting to Dublin Core...

SOUTHVILLE LIBRARY

Southville International School and Colleges Library

1281 Tropical Ave. Cor. Luxembourg St., BF Homes International, Las Pinas City

Tel. No. 8256374 / 252358 Loc. 117/146

Powered by Koha